[Event "DVM U10 2014"]
[Site "Magdeburg GER"]
[Date "2014.12.27"]
[Round "1"]
[White "Reinecke, Alexander"]
[Black "Heuer, Adrian"]
[Result "0-1"]
[Termination "normal"]
[Board "13.3"]
[WhiteElo "951"]
[BlackElo "1024"]
[WhiteTeam "SK Langen"]
[BlackTeam "Peiner SV"]
[PlyCount "106"]
[WhiteFideId "12991570"]
[EventCountry "GER"]
[EventRounds "7"]
[EventType "team-swiss"]
[EventDate "2014.12.27"]

1. e4 g6 2. Nf3 Bg7 3. Nc3 d6 4. Bc4 Nc6 5. Ng5 Nh6 6. O-O e5 7. d3 Nd4 8. Nb5
Nxb5 9. Bxb5+ c6 10. Bc4 d5 11. exd5 cxd5 12. Bb5+ Bd7 13. Bxd7+ Qxd7 14. Re1
O-O 15. Nf3 Rfe8 16. Bxh6 Bxh6 17. Nxe5 Qc7 18. d4 Bg7 19. Qe2 f6 20. f4 fxe5
21. fxe5 Qb6 22. Qe3 Qxb2 23. Qb3 Qxb3 24. axb3 a6 25. Kf2 Re7 26. Ra2 Rc7 27.
g4 Rac8 28. Re2 Rf8+ 29. Kg3 Bh6 30. h4 Bf4+ 31. Kf3 Bxe5+ 32. Kg2 Bxd4 33. Rd2
Rf4 34. Kg3 Re4 35. Ra5 Bc3 36. Raxd5 Bxd2 37. b4 Bxb4 38. c4 Rcxc4 39. Rd8+
Kf7 40. Rd7+ Kf6 41. g5+ Kf5 42. Rd5+ Re5 43. Rd3 Rc3 44. Rf3+ Rxf3+ 45. Kxf3
Re4 46. Kg3 Re3+ 47. Kf2 Kf4 48. Kg2 Rf3 49. h5 Kg4 50. hxg6 hxg6 51. Kh2 Rg3
52. Kh1 Kf3 53. Kh2 Kf2 0-1

[Event "DVM U10 2014"]
[Site "Magdeburg GER"]
[Date "2014.12.27"]
[Round "1"]
[White "Prieb, Robert"]
[Black "Siol, Mats Lennart"]
[Result "1-0"]
[Termination "normal"]
[Board "14.1"]
[WhiteElo "1396"]
[BlackElo "1067"]
[WhiteTeam "SK Blauer Springer Paderborn 1"]
[BlackTeam "SK Blauer Springer Paderborn 2"]
[PlyCount "145"]
[WhiteFideId "16212002"]
[BlackFideId "16229240"]
[EventCountry "GER"]
[EventRounds "7"]
[EventType "team-swiss"]
[EventDate "2014.12.27"]

1. d4 Nf6 2. c4 e6 3. Nc3 Bb4 4. Bd2 b6 5. a3 Bxc3 6. Bxc3 Bb7 7. e3 O-O 8. Nf3
Nc6 9. Bd3 Ne7 10. O-O Nf5 11. Re1 Ng4 12. h3 Ngh6 13. e4 Nd6 14. Bd2 Qf6 15.
e5 Qe7 16. exd6 Qxd6 17. Bxh6 gxh6 18. Be2 Kh8 19. Qd2 Rg8 20. Qxh6 Rg6 21. Qe3
Rag8 22. Bf1 Qf8 23. g3 Qg7 24. Ne5 Rf6 25. Nxd7 Rf3 26. Qe5 f6 27. Nxf6 Rxf6
28. Bg2 Bxg2 29. Kxg2 Qf7 30. Re2 Rg7 31. Rf1 Rf5 32. Qxe6 Qxe6 33. Rxe6 Rd7
34. d5 a5 35. Rfe1 Rdf7 36. Re8+ Kg7 37. R8e7 Rxf2+ 38. Kg1 Rxb2 39. Rxf7+ Kxf7
40. Rf1+ Kg6 41. Re1 Kf5 42. Re7 Rb1+ 43. Kf2 Rb2+ 44. Kf3 Rb3+ 45. Re3 Rxe3+
46. Kxe3 Ke5 47. g4 h6 48. a4 Kd6 49. Kd4 Kd7 50. Ke5 Ke7 51. h4 Kf7 52. Kf5
Ke7 53. g5 hxg5 54. hxg5 Kf7 55. g6+ Kg8 56. Kf6 Kf8 57. Ke6 Kg7 58. Kd7 Kxg6
59. Kxc7 Kf5 60. d6 b5 61. cxb5 Kf4 62. d7 Ke4 63. d8=Q Ke5 64. b6 Ke4 65. b7
Ke5 66. b8=Q Ke4 67. Qb5 Kf4 68. Qd4+ Kf3 69. Qb3+ Ke2 70. Qbe3+ Kf1 71. Qd1+
Kg2 72. Qdd2+ Kh1 73. Qee1# 1-0

[Event "DVM U10 2014"]
[Site "Magdeburg GER"]
[Date "2014.12.27"]
[Round "1"]
[White "Nguyen, Frank"]
[Black "Meier, Silas"]
[Result "0-1"]
[Termination "normal"]
[Board "14.2"]
[WhiteElo "600"]
[BlackElo "1278"]
[WhiteTeam "SK Blauer Springer Paderborn 2"]
[BlackTeam "SK Blauer Springer Paderborn 1"]
[PlyCount "92"]
[BlackFideId "16210662"]
[EventCountry "GER"]
[EventRounds "7"]
[EventType "team-swiss"]
[EventDate "2014.12.27"]

1. e4 e6 2. Nf3 d5 3. Nc3 c6 4. Be2 Bd6 5. g3 Ne7 6. exd5 cxd5 7. Bb5+ Bd7 8.
O-O a6 9. Bxd7+ Qxd7 10. d3 Nbc6 11. Ne2 O-O 12. Bf4 e5 13. Bg5 f6 14. Bd2 Rac8
15. c4 d4 16. Qb3 Kh8 17. a3 Qg4 18. Bb4 Nxb4 19. axb4 Qxf3 20. Rae1 Qc6 21. b5
axb5 22. cxb5 Qd5 23. Nc1 Qxb3 24. Nxb3 Nd5 25. Na5 Bb4 26. Ra1 Bxa5 27. Rxa5
Ra8 28. Rxa8 Rxa8 29. Rc1 Kg8 30. Rc5 Nb4 31. Rc4 Nxd3 32. b3 Rb8 33. Kg2 b6
34. Rc6 Nb4 35. Rc4 d3 36. Rxb4 d2 37. Re4 d1=Q 38. Re3 Qd5+ 39. Kh3 Qxb5 40.
Rf3 e4 41. Re3 g5 42. Rxe4 f5 43. Rc4 Kg7 44. g4 f4 45. Rc7+ Kg6 46. f3 Qf1#
0-1

[Event "DVM U10 2014"]
[Site "Magdeburg GER"]
[Date "2014.12.27"]
[Round "1"]
[White "Bornemann, Malte"]
[Black "Rust, Emily"]
[Result "1-0"]
[Termination "normal"]
[Board "14.3"]
[WhiteElo "966"]
[BlackElo "969"]
[WhiteTeam "SK Blauer Springer Paderborn 1"]
[BlackTeam "SK Blauer Springer Paderborn 2"]
[PlyCount "83"]
[WhiteFideId "16284470"]
[BlackFideId "16211499"]
[EventCountry "GER"]
[EventRounds "7"]
[EventType "team-swiss"]
[EventDate "2014.12.27"]

1. d4 d5 2. Bf4 Nf6 3. Nf3 Bf5 4. e3 e6 5. Bd3 Bg6 6. c3 Bd6 7. Ne5 Ne4 8. Nxg6
hxg6 9. Bxd6 cxd6 10. Qf3 Qh4 11. g3 Qf6 12. Bxe4 dxe4 13. Qxe4 d5 14. Qd3 e5
15. Qb5+ Nd7 16. Qxb7 Rb8 17. Qxd5 Nb6 18. Qxe5+ Qxe5 19. dxe5 O-O 20. Nd2 Rbc8
21. O-O Nc4 22. Nxc4 Rxc4 23. f4 Re4 24. Rfd1 Rxe3 25. Re1 Rd3 26. Rad1 Rfd8
27. Rxd3 Rxd3 28. Kf2 Rd2+ 29. Re2 Rd1 30. Kf3 Ra1 31. a3 f6 32. e6 Rf1+ 33.
Rf2 Re1 34. Re2 Rf1+ 35. Kg4 f5+ 36. Kg5 Rd1 37. e7 Rd7 38. e8=Q+ Kh7 39. Qxd7
Kh8 40. Re8+ Kh7 41. Qd8 a5 42. Rh8# 1-0

[Event "DVM U10 2014"]
[Site "Magdeburg GER"]
[Date "2014.12.27"]
[Round "1"]
[White "Schäfer, Anton"]
[Black "Yin, Haode"]
[Result "0-1"]
[Termination "normal"]
[Board "14.4"]
[WhiteElo "782"]
[BlackElo "924"]
[WhiteTeam "SK Blauer Springer Paderborn 2"]
[BlackTeam "SK Blauer Springer Paderborn 1"]
[PlyCount "76"]
[BlackFideId "16261348"]
[EventCountry "GER"]
[EventRounds "7"]
[EventType "team-swiss"]
[EventDate "2014.12.27"]

1. d4 d5 2. Nf3 Nf6 3. Bf4 Bf5 4. e3 e6 5. Bd3 Bg6 6. c3 c6 7. Qe2 Bd6 8. Bg3
Qe7 9. Nbd2 Nbd7 10. O-O O-O 11. Bh4 Rfe8 12. Bxf6 Nxf6 13. Bxg6 hxg6 14. Nh4
b5 15. Ndf3 Ne4 16. Ne1 Qxh4 17. g3 Qh6 18. f3 Nf6 19. Ng2 Nh7 20. Nh4 g5 21.
Ng2 f5 22. e4 e5 23. Ne3 f4 24. Nf5 Qf6 25. Nxd6 Qxd6 26. gxf4 gxf4 27. dxe5
Rxe5 28. Qg2 Rg5 29. Qxg5 Nxg5 30. Rf2 Nh3+ 31. Kg2 Nxf2 32. Kxf2 Qc5+ 33. Kg2
Qe3 34. Rh1 dxe4 35. fxe4 Qxe4+ 36. Kg1 f3 37. h4 Qe2 38. Rh2 Qe1# 0-1

[Event "DVM U10 2014"]
[Site "Magdeburg GER"]
[Date "2014.12.27"]
[Round "1"]
[White "Block, Timo"]
[Black "Liebeskind, Pascal"]
[Result "0-1"]
[Termination "normal"]
[Board "15.1"]
[WhiteElo "1065"]
[BlackElo "1095"]
[WhiteTeam "SF Bremer Osten"]
[BlackTeam "TSG Apolda"]
[PlyCount "156"]
[WhiteFideId "16201116"]
[BlackFideId "16212380"]
[EventCountry "GER"]
[EventRounds "7"]
[EventType "team-swiss"]
[EventDate "2014.12.27"]

1. e4 e5 2. Nf3 Nc6 3. Bc4 Bc5 4. Nc3 Nf6 5. d3 h6 6. Be3 Bb6 7. O-O O-O 8. Re1
Ng4 9. Bxb6 axb6 10. h3 Nf6 11. d4 d6 12. Bb5 Re8 13. d5 Nd4 14. Bxe8 Nxf3+ 15.
Qxf3 Qxe8 16. Ne2 c6 17. dxc6 bxc6 18. Qe3 c5 19. f4 Bb7 20. Ng3 exf4 21. Qxf4
Qe5 22. Qxe5 dxe5 23. Rad1 Rxa2 24. Rd8+ Kh7 25. Rb8 Ra7 26. Rf8 Bc6 27. h4 Be8
28. h5 Ra2 29. Nf5 Rxb2 30. Rd1 Rxc2 31. Rd8 Ng4 32. g3 Nf6 33. g4 b5 34. Ne3
Rc1+ 35. Rd1 Rxd1+ 36. Nxd1 c4 37. Kf1 g6 38. hxg6+ Kxg6 39. Rh8 Kg7 40. Rxe8
Nxe8 41. Ke1 Nd6 42. Nf2 Kg6 43. Kd1 h5 44. gxh5+ Kxh5 45. Kd2 Kg5 46. Nh3+ Kg4
47. Nf2+ Kf3 48. Nd1 Kxe4 49. Nc3+ Kd4 50. Ne2+ Kd5 51. Nc3+ Kc5 52. Kc2 f5 53.
Ne2 e4 54. Nf4 b4 55. Ne6+ Kb5 56. Nd4+ Ka4 57. Ne2 b3+ 58. Kb2 Kb4 59. Nf4 e3
60. Nd5+ Kc5 61. Nxe3 f4 62. Nd1 f3 63. Nf2 Kd4 64. Kc1 c3 65. Ng4 Nb5 66. Nf2
Na3 67. Nd1 b2+ 68. Nxb2 cxb2+ 69. Kxb2 f2 70. Kxa3 f1=Q 71. Kb3 Qc1 72. Ka4
Qc4+ 73. Ka5 Qb3 74. Ka6 Qb4 75. Ka7 Qb5 76. Ka8 Kd5 77. Ka7 Kc6 78. Ka8 Qb7#
0-1

[Event "DVM U10 2014"]
[Site "Magdeburg GER"]
[Date "2014.12.27"]
[Round "1"]
[White "Henzgen, Nick"]
[Black "Pfluger, Jan"]
[Result "0-1"]
[Termination "normal"]
[Board "15.2"]
[WhiteElo "1161"]
[BlackElo "966"]
[WhiteTeam "TSG Apolda"]
[BlackTeam "SF Bremer Osten"]
[PlyCount "154"]
[WhiteFideId "16212347"]
[BlackFideId "16218299"]
[EventCountry "GER"]
[EventRounds "7"]
[EventType "team-swiss"]
[EventDate "2014.12.27"]

1. e4 e5 2. Nf3 Nc6 3. Bc4 Bc5 4. O-O Nf6 5. Nc3 O-O 6. d3 d6 7. Bg5 h6 8. Bh4
g5 9. Bg3 Bg4 10. Nb1 Nd4 11. Nbd2 Nxf3+ 12. Nxf3 d5 13. exd5 Nxd5 14. Bxe5 f6
15. Bg3 f5 16. Be5 Re8 17. d4 Bb6 18. Qd3 Re7 19. Bf6 Kf8 20. Bxe7+ Kxe7 21.
Ne5 Bh5 22. Rfe1 Kf6 23. c3 Qd6 24. Qg3 Nf4 25. Qe3 Re8 26. Qd2 c5 27. Bb5 Re7
28. Nd7+ Rxd7 29. Bxd7 Qxd7 30. Qe3 Bc7 31. dxc5 Qc6 32. Qe7+ Kg6 33. f3 Bxf3
34. gxf3 Qxf3 35. Re6+ Nxe6 36. Qxe6+ Kh5 37. Qe8+ Kg4 38. Qa4+ Kh3 39. Qc2 Bf4
40. Qxf5+ Kh4 41. Re1 Be3+ 42. Rxe3 Qxf5 43. b4 Qb1+ 44. Kf2 Qxa2+ 45. Re2 Qc4
46. Re3 b6 47. Kf3 Qf4+ 48. Ke2 Qxh2+ 49. Kd3 bxc5 50. bxc5 g4 51. Re4 Kh3 52.
Re3+ g3 53. c6 Qh1 54. Re4 Qf3+ 55. Kd4 Qf5 56. c4 g2 57. Re3+ Kh2 58. Re2 Qg4+
59. Kd3 Kh1 60. Re1+ g1=Q 61. Rxg1+ Qxg1 62. c7 Qg8 63. Kd4 Qc8 64. Kd5 Qxc7
65. c5 a5 66. Kc4 a4 67. Kb4 a3 68. Kxa3 Qxc5+ 69. Kb3 Kg2 70. Kb2 Qc4 71. Kb1
Qc3 72. Ka2 Qb4 73. Ka1 Kf2 74. Ka2 Ke2 75. Ka1 Kd2 76. Ka2 Kc2 77. Ka1 Qb2#
0-1

[Event "DVM U10 2014"]
[Site "Magdeburg GER"]
[Date "2014.12.27"]
[Round "1"]
[White "Pass, Maurice"]
[Black "Weichold, Nelly"]
[Result "1-0"]
[Termination "normal"]
[Board "15.3"]
[WhiteElo "600"]
[BlackElo "600"]
[WhiteTeam "SF Bremer Osten"]
[BlackTeam "TSG Apolda"]
[PlyCount "55"]
[EventCountry "GER"]
[EventRounds "7"]
[EventType "team-swiss"]
[EventDate "2014.12.27"]

1. e4 e6 2. Nf3 c6 3. Nc3 Nf6 4. Bd3 Bd6 5. O-O Bc7 6. b3 d5 7. exd5 cxd5 8. --
O-O 9. Bb5 -- 10. Ba3 a6 11. Bd3 Re8 12. Ng5 h6 13. Bh7+ Nxh7 14. Nxh7 Kxh7 15.
Qh5 g6 16. Qg4 h5 17. Qd4 Nc6 18. Qd3 Bd7 19. Qf3 Ne5 20. Qf4 b5 21. d3 a5 22.
Bc1 b4 23. Qh6+ Kg8 24. Bg5 Qc8 25. Bf6 Nf3+ 26. gxf3 Bxh2+ 27. Kh1 Bf4 28.
Qg7# 1-0

[Event "DVM U10 2014"]
[Site "Magdeburg GER"]
[Date "2014.12.27"]
[Round "1"]
[White "Wettig, Lukas"]
[Black "Bakiyev, Diyar"]
[Result "0-1"]
[Termination "normal"]
[Board "15.4"]
[WhiteElo "600"]
[BlackElo "795"]
[WhiteTeam "TSG Apolda"]
[BlackTeam "SF Bremer Osten"]
[PlyCount "110"]
[BlackFideId "16230531"]
[EventCountry "GER"]
[EventRounds "7"]
[EventType "team-swiss"]
[EventDate "2014.12.27"]

1. e4 e5 2. Nc3 Bc5 3. Nf3 Qf6 4. Bc4 Nh6 5. O-O Nc6 6. d3 Nd4 7. Be3 Nxf3+ 8.
Qxf3 Qxf3 9. gxf3 Be7 10. f4 exf4 11. Bxf4 Ng4 12. d4 d6 13. Bb5+ c6 14. Bc4
O-O 15. d5 cxd5 16. exd5 Ne5 17. Bd3 Nxd3 18. cxd3 Bh3 19. Rfe1 Rfe8 20. Ne4
Bh4 21. Nxd6 Re7 22. b4 Bf6 23. Rab1 h6 24. Ne4 Bf5 25. f3 Bxe4 26. dxe4 Bh4
27. Re2 Rc8 28. a4 Rc3 29. Bd6 Rd7 30. Be5 Rxf3 31. b5 a6 32. bxa6 bxa6 33. a5
f6 34. Bc3 Rxc3 35. e5 fxe5 36. Rxe5 Bf6 37. Rf5 Rc4 38. Rd1 Rg4+ 39. Kh1 Re7
40. d6 Re8 41. d7 Rf8 42. h3 Rd4 43. Rd5 Rxd5 44. Rxd5 g5 45. Rd6 Kf7 46. Rxa6
Ke7 47. Ra7 Bd4 48. Rb7 Ra8 49. a6 Rxa6 50. Kg2 Be5 51. Kf3 Ra4 52. Kg2 h5 53.
Rc7 Bxc7 54. d8=Q+ Bxd8 55. Kg3 Bc7+ 0-1

[Event "DVM U10 2014"]
[Site "Magdeburg GER"]
[Date "2014.12.27"]
[Round "1"]
[White "Winkelmann, Maurits"]
[Black "Kipke, Mark"]
[Result "1-0"]
[Termination "normal"]
[Board "16.1"]
[WhiteElo "1129"]
[BlackElo "1037"]
[WhiteTeam "SC 1997 Lambsheim"]
[BlackTeam "Königsspringer SC 1984"]
[PlyCount "74"]
[BlackFideId "16217616"]
[EventCountry "GER"]
[EventRounds "7"]
[EventType "team-swiss"]
[EventDate "2014.12.27"]

1. e4 e5 2. Nf3 Nc6 3. Bc4 Nf6 4. c3 Be7 5. d3 d5 6. exd5 Nxd5 7. d4 exd4 8.
cxd4 O-O 9. Nc3 Nxc3 10. bxc3 Bg4 11. O-O Na5 12. Bb3 Qd6 13. Qd3 a6 14. Bc2
Qg6 15. Qe2 Qh5 16. Qxe7 c6 17. Qg5 Bxf3 18. gxf3 Qxg5+ 19. Bxg5 h6 20. Bf4 b5
21. Kh1 Nb7 22. Rg1 Nd8 23. Bxh6 Ne6 24. Bf5 Kh8 25. Bxe6 fxe6 26. Bxg7+ Kg8
27. Bxf8+ Kxf8 28. h4 Ra7 29. h5 Ke7 30. h6 Kd6 31. Rg7 Ra8 32. h7 Rh8 33. Kg2
e5 34. dxe5+ Kxe5 35. Rh1 Rd8 36. Rg8 Rd7 37. h8=Q+ Kd5 1-0

[Event "DVM U10 2014"]
[Site "Magdeburg GER"]
[Date "2014.12.27"]
[Round "1"]
[White "Köppen, Cedric Louis"]
[Black "Dalchow, Mario"]
[Result "1-0"]
[Termination "normal"]
[Board "16.2"]
[WhiteElo "930"]
[BlackElo "1193"]
[WhiteTeam "Königsspringer SC 1984"]
[BlackTeam "SC 1997 Lambsheim"]
[PlyCount "55"]
[BlackFideId "12971421"]
[EventCountry "GER"]
[EventRounds "7"]
[EventType "team-swiss"]
[EventDate "2014.12.27"]

1. e4 c6 2. c4 d5 3. exd5 cxd5 4. cxd5 Qxd5 5. Nc3 Qa5 6. d4 Nf6 7. Bd2 Qb6 8.
Nf3 Qxb2 9. Rb1 Qa3 10. Bc4 Qd6 11. O-O Nc6 12. Bg5 b6 13. Nb5 Qd8 14. Bf4 Ne4
15. Re1 Bf5 16. Bd3 Nxf2 17. Kxf2 Rc8 18. Bxf5 e6 19. Rc1 Be7 20. Be4 Na5 21.
Rxc8 Qxc8 22. Nd6+ Bxd6 23. Bxd6 Qd7 24. Ba3 Nc4 25. Qc1 Qa4 26. Bb2 Qxa2 27.
Re2 Na5 28. Qc8+ 1-0

[Event "DVM U10 2014"]
[Site "Magdeburg GER"]
[Date "2014.12.27"]
[Round "1"]
[White "Warzecha, Fabian"]
[Black "David, Philip"]
[Result "1/2-1/2"]
[Termination "normal"]
[Board "16.3"]
[WhiteElo "1121"]
[BlackElo "906"]
[WhiteTeam "SC 1997 Lambsheim"]
[BlackTeam "Königsspringer SC 1984"]
[PlyCount "39"]
[EventCountry "GER"]
[EventRounds "7"]
[EventType "team-swiss"]
[EventDate "2014.12.27"]

1. d4 d5 2. Nc3 Nf6 3. Nf3 Bf5 4. Bg5 h6 5. Bxf6 exf6 6. e3 c6 7. Be2 Bd6 8.
O-O O-O 9. Re1 Qc7 10. Bd3 Bg4 11. g3 Nd7 12. Bf1 Bb4 13. Bg2 Rac8 14. Qd2 Nb6
15. Qd3 Qd7 16. a3 Bf5 17. Qd2 Nc4 18. Qc1 Ba5 19. b4 Bc7 20. Bf1 1/2-1/2

[Event "DVM U10 2014"]
[Site "Magdeburg GER"]
[Date "2014.12.27"]
[Round "1"]
[White "Kühn, Jan-Gerrit"]
[Black "Reichardt, Henrik"]
[Result "1-0"]
[Termination "normal"]
[Board "16.4"]
[WhiteElo "854"]
[BlackElo "1065"]
[WhiteTeam "Königsspringer SC 1984"]
[BlackTeam "SC 1997 Lambsheim"]
[PlyCount "97"]
[EventCountry "GER"]
[EventRounds "7"]
[EventType "team-swiss"]
[EventDate "2014.12.27"]

1. e4 c6 2. d4 d5 3. Bd3 Nf6 4. Nc3 e6 5. Nf3 Bb4 6. e5 Ne4 7. Bd2 Nxc3 8. bxc3
Ba5 9. Ng5 Bxc3 10. Bxc3 Qxg5 11. O-O Nd7 12. Bd2 Qe7 13. Re1 Qh4 14. Rb1 Qxd4
15. Rb4 Qc5 16. Qg4 g6 17. Be3 Qe7 18. Bg5 f6 19. exf6 Nxf6 20. Qf4 Rf8 21. c3
c5 22. Rb2 Qf7 23. Bxf6 Qxf6 24. Qh6 Rf7 25. Rc2 c4 26. Bf1 Bd7 27. Rcc1 Qxf2+
28. Kh1 Qxa2 29. Re2 Qa3 30. h3 Qd6 31. Rb1 O-O-O 32. Qe3 b6 33. Ra2 Rdf8 34.
Qg1 Kb7 35. Rba1 Ra8 36. g3 Bc6 37. Bg2 Qxg3 38. Rf1 Rxf1 39. Qxf1 h6 40. Rf2
Qg5 41. Rf7+ Kc8 42. Rf8+ Kb7 43. Rf7+ Ka6 44. Qa1+ Kb5 45. Qb2+ Ka5 46. Qb4+
Ka6 47. Qa3+ Kb5 48. Qb2+ Kc5 49. Qb4# 1-0

[Event "DVM U10 2014"]
[Site "Magdeburg GER"]
[Date "2014.12.27"]
[Round "1"]
[White "Meurer, Calvin"]
[Black "Hundrieser, Malte"]
[Result "0-1"]
[Termination "normal"]
[Board "17.1"]
[WhiteElo "946"]
[BlackElo "1630"]
[WhiteTeam "SV Roter Turm Halle 2"]
[BlackTeam "SV Roter Turm Halle 1"]
[PlyCount "36"]
[BlackFideId "12997153"]
[EventCountry "GER"]
[EventRounds "7"]
[EventType "team-swiss"]
[EventDate "2014.12.27"]

1. d4 d5 2. e4 dxe4 3. Nc3 Nf6 4. Bg5 Bf5 5. Qe2 Nc6 6. Bxf6 gxf6 7. d5 Nd4 8.
Qd1 e5 9. dxe6 fxe6 10. Bb5+ c6 11. Bc4 Qb6 12. Qd2 e3 13. fxe3 Nxc2+ 14. Kd1
Nxe3+ 15. Kc1 Nxc4 16. Qe2 Bh6+ 17. Kd1 O-O-O+ 18. Ke1 Nxb2 0-1

[Event "DVM U10 2014"]
[Site "Magdeburg GER"]
[Date "2014.12.27"]
[Round "1"]
[White "Wittig, Marten"]
[Black "Mielewsky, Karl-Josef"]
[Result "1-0"]
[Termination "normal"]
[Board "17.2"]
[WhiteElo "965"]
[BlackElo "857"]
[WhiteTeam "SV Roter Turm Halle 1"]
[BlackTeam "SV Roter Turm Halle 2"]
[PlyCount "51"]
[EventCountry "GER"]
[EventRounds "7"]
[EventType "team-swiss"]
[EventDate "2014.12.27"]

1. e4 e5 2. Nf3 Nc6 3. Bb5 Nf6 4. Nc3 Bc5 5. O-O d6 6. Bxc6+ bxc6 7. d3 O-O 8.
Bg5 d5 9. Qd2 dxe4 10. Nxe4 Bg4 11. Nxc5 Qc8 12. Bxf6 Qf5 13. Bh4 Qg6 14. Bg3
Rad8 15. Nxe5 Qf5 16. Nxg4 Qxg4 17. Ne4 Rfe8 18. Rfe1 c5 19. Nxc5 Rf8 20. Re4
Qg5 21. Qxg5 c6 22. Rae1 Rd5 23. Qe3 h6 24. Re8 Rxe8 25. Qxe8+ Kh7 26. Qxc6 1-0

[Event "DVM U10 2014"]
[Site "Magdeburg GER"]
[Date "2014.12.27"]
[Round "1"]
[White "Adelmeyer, Nelly"]
[Black "Pietsch, Julius"]
[Result "0-1"]
[Termination "normal"]
[Board "17.3"]
[WhiteElo "753"]
[BlackElo "1009"]
[WhiteTeam "SV Roter Turm Halle 2"]
[BlackTeam "SV Roter Turm Halle 1"]
[PlyCount "86"]
[WhiteFideId "16203577"]
[BlackFideId "12985660"]
[EventCountry "GER"]
[EventRounds "7"]
[EventType "team-swiss"]
[EventDate "2014.12.27"]

1. e4 c5 2. d4 cxd4 3. Qxd4 Nc6 4. Qc3 e5 5. a3 Nf6 6. Bd3 g6 7. Nf3 Bg7 8.
Nxe5 Nxe4 9. Bxe4 Bxe5 10. Qc4 Bg7 11. c3 Qe7 12. Be3 Ne5 13. Qb3 O-O 14. O-O
Ng4 15. Nd2 Qd6 16. g3 Nxe3 17. fxe3 Qxd2 18. Rf3 Qd6 19. Bxb7 Rb8 20. Rd1 Qe7
21. Qb4 Qe6 22. Rd6 Qe7 23. Rd4 Qxb4 24. Rxb4 Rxb7 25. Rxb7 Bxb7 26. Rf2 Re8
27. Re2 Bh6 28. Kf2 Ba6 29. Re1 f5 30. h3 Bg5 31. h4 Bf6 32. Kf3 d5 33. Kf4 d4
34. e4 d3 35. b4 d2 36. Rd1 Rxe4+ 37. Kf3 Be2+ 38. Kf2 Bxd1 39. Kf1 Be2+ 40.
Kf2 d1=Q 41. Kg2 Bf3+ 42. Kf2 Qe2+ 43. Kg1 Qg2# 0-1

[Event "DVM U10 2014"]
[Site "Magdeburg GER"]
[Date "2014.12.27"]
[Round "1"]
[White "Pietsch, Johann"]
[Black "Kemper, Matti"]
[Result "1-0"]
[Termination "normal"]
[Board "17.4"]
[WhiteElo "971"]
[BlackElo "600"]
[WhiteTeam "SV Roter Turm Halle 1"]
[BlackTeam "SV Roter Turm Halle 2"]
[PlyCount "41"]
[WhiteFideId "12987000"]
[EventCountry "GER"]
[EventRounds "7"]
[EventType "team-swiss"]
[EventDate "2014.12.27"]

1. e4 e5 2. Nf3 Nc6 3. Bc4 Nf6 4. Nc3 Bc5 5. d3 O-O 6. Bd2 d6 7. Ne2 Ng4 8. d4
Nxd4 9. Nexd4 exd4 10. Bg5 Bb4+ 11. c3 Qd7 12. cxb4 Ne5 13. Qxd4 Nxf3+ 14. gxf3
Qh3 15. Rg1 Qxh2 16. Kf1 Bh3+ 17. Ke2 a5 18. Bh6 Qe5 19. Bxg7 Qxd4 20. Bxd4+
Bg4 21. Rxg4# 1-0

[Event "DVM U10 2014"]
[Site "Magdeburg GER"]
[Date "2014.12.27"]
[Round "1"]
[White "Colbow, Collin"]
[Black "Kassebaum, Elias Konstantin"]
[Result "1/2-1/2"]
[Termination "normal"]
[Board "18.1"]
[WhiteElo "1305"]
[BlackElo "895"]
[WhiteTeam "SK Bremen-Nord"]
[BlackTeam "SG Bünde"]
[PlyCount "50"]
[WhiteFideId "16201132"]
[EventCountry "GER"]
[EventRounds "7"]
[EventType "team-swiss"]
[EventDate "2014.12.27"]

1. e4 d6 2. d4 Nf6 3. Nc3 g6 4. Nf3 Bg7 5. Bc4 O-O 6. O-O Nxe4 7. Nxe4 d5 8.
Bd3 dxe4 9. Bxe4 Nd7 10. c3 Nf6 11. Bc2 c6 12. Re1 Re8 13. Bf4 Qb6 14. b3 Bd7
15. Qd2 c5 16. h3 Bc6 17. Ne5 Rad8 18. Rad1 Nd5 19. Bg3 Qa5 20. c4 Qxd2 21.
Rxd2 Nb4 22. d5 Nxc2 23. Rxc2 Bd7 24. Nxd7 Rxd7 25. d6 e6 1/2-1/2

[Event "DVM U10 2014"]
[Site "Magdeburg GER"]
[Date "2014.12.27"]
[Round "1"]
[White "Dropp, Silvana"]
[Black "Rockmann, Enno"]
[Result "0-1"]
[Termination "normal"]
[Board "18.2"]
[WhiteElo "865"]
[BlackElo "1031"]
[WhiteTeam "SG Bünde"]
[BlackTeam "SK Bremen-Nord"]
[PlyCount "48"]
[BlackFideId "12982920"]
[EventCountry "GER"]
[EventRounds "7"]
[EventType "team-swiss"]
[EventDate "2014.12.27"]

1. e4 e5 2. Bc4 Nf6 3. Nf3 d6 4. Ng5 d5 5. exd5 Nxd5 6. Qf3 Be6 7. Nc3 Nf4 8.
g3 Bxc4 9. gxf4 Nc6 10. fxe5 Qxg5 11. d3 Qxe5+ 12. Be3 Be6 13. d4 Nxd4 14. Qf4
Nxc2+ 15. Kd2 Nxe3 16. Qxe5 Nc4+ 17. Kd3 Nxe5+ 18. Ke2 O-O-O 19. Rad1 Bg4+ 20.
Ke1 Nd3+ 21. Kd2 Nxf2+ 22. Ke1 Nxd1 23. Nxd1 Rxd1+ 24. Kf2 Rxh1 0-1

[Event "DVM U10 2014"]
[Site "Magdeburg GER"]
[Date "2014.12.27"]
[Round "1"]
[White "Bassow, Konstantin"]
[Black "Budde, Malte"]
[Result "1-0"]
[Termination "normal"]
[Board "18.3"]
[WhiteElo "1001"]
[BlackElo "785"]
[WhiteTeam "SK Bremen-Nord"]
[BlackTeam "SG Bünde"]
[PlyCount "71"]
[WhiteFideId "12982415"]
[EventCountry "GER"]
[EventRounds "7"]
[EventType "team-swiss"]
[EventDate "2014.12.27"]

1. e4 e5 2. Nf3 Nc6 3. Bc4 Nf6 4. Nc3 Bc5 5. d3 d6 6. h3 O-O 7. Bg5 h6 8. Bh4
Be6 9. Bb3 Bxb3 10. axb3 a6 11. O-O b5 12. Nd5 Nxd5 13. Bxd8 Raxd8 14. exd5 Nd4
15. Nxd4 Bxd4 16. c3 Bb6 17. c4 bxc4 18. bxc4 Ra8 19. b4 a5 20. bxa5 Bxa5 21.
Qg4 Ra7 22. Kh2 Bb6 23. Rxa7 Bxa7 24. f4 Rb8 25. Qd7 f6 26. Qxc7 Ra8 27. Qb7
Rb8 28. Qxa7 Rb3 29. Qc7 Rxd3 30. Qxd6 Rd4 31. fxe5 fxe5 32. Qf8+ Kh7 33. Rf7
Kg6 34. Qxg7+ Kh5 35. Rf5+ Kh4 36. g3# 1-0

[Event "DVM U10 2014"]
[Site "Magdeburg GER"]
[Date "2014.12.27"]
[Round "1"]
[White "Wick, Jannis"]
[Black "Adams, Curtis"]
[Result "0-1"]
[Termination "normal"]
[Board "18.4"]
[WhiteElo "600"]
[BlackElo "874"]
[WhiteTeam "SG Bünde"]
[BlackTeam "SK Bremen-Nord"]
[PlyCount "56"]
[EventCountry "GER"]
[EventRounds "7"]
[EventType "team-swiss"]
[EventDate "2014.12.27"]

1. e4 e5 2. Nf3 Nc6 3. Nc3 Nf6 4. d3 Bb4 5. Bd2 d5 6. Be2 d4 7. Nb5 a6 8. Bxb4
Nxb4 9. Qd2 Nc6 10. Qg5 axb5 11. Nxe5 g6 12. O-O Nxe5 13. Qxe5+ Be6 14. Qxb5+
Nd7 15. Qxb7 Rb8 16. Qa7 Rxb2 17. Qxd4 Qf6 18. e5 Qxe5 19. Qe3 Rxc2 20. Rab1
Rxe2 21. d4 Rxe3 22. dxe5 Rxe5 23. a4 O-O 24. a5 Ra8 25. a6 c6 26. a7 Rb5 27.
Rbc1 c5 28. h3 Rb7 0-1

[Event "DVM U10 2014"]
[Site "Magdeburg GER"]
[Date "2014.12.27"]
[Round "1"]
[White "Gärtner, Martin"]
[Black "Hegemann, Erik"]
[Result "1-0"]
[Termination "normal"]
[Board "19.1"]
[WhiteElo "808"]
[BlackElo "1176"]
[WhiteTeam "USV Volksbank Halle"]
[BlackTeam "SG Turm Raesfeld/Erle"]
[PlyCount "75"]
[BlackFideId "16234618"]
[EventCountry "GER"]
[EventRounds "7"]
[EventType "team-swiss"]
[EventDate "2014.12.27"]

1. e4 e5 2. Nf3 Nc6 3. Bc4 Bc5 4. b4 Bd4 5. c3 Bb6 6. d4 Qf6 7. Bg5 Qd6 8. Na3
a6 9. dxe5 Qxd1+ 10. Rxd1 h6 11. Bh4 g5 12. Bg3 g4 13. Nd4 Nxe5 14. Bxe5 f6 15.
Bf4 d6 16. O-O Ne7 17. Rd2 f5 18. e5 Ng6 19. Be3 f4 20. Bxf4 Nxf4 21. e6 Bxd4
22. Rxd4 Bxe6 23. Rxf4 Bxc4 24. Nxc4 O-O-O 25. Rxg4 Rhe8 26. a4 h5 27. Rg5 Re4
28. Ne3 d5 29. Nxd5 Rc4 30. h3 c6 31. Nb6+ Kc7 32. Nxc4 b5 33. axb5 axb5 34.
Rg7+ Kb8 35. Na5 h4 36. Nxc6+ Ka8 37. Nxd8 Kb8 38. Nc6+ 1-0